000 00439nam a2200217Ia 4500
003 IT-RoPAU
008 120407s9999 xx 000 0 und d
040 _aIT-RoPAU
040 _cIT-RoPAU
041 _aita
100 _aM. G. Baroni
245 _aPio II (Enea Silvio Piccolomini)
250 _aRoma
260 _aFSP
260 _c1938
300 _a215 p.
300 _c17 cm
490 _v1
942 _cBK
999 _c29005
_d29005